| 000 | 00740nam a2200241Ia 4500 | ||
|---|---|---|---|
| 005 | 20211111074307.0 | ||
| 008 | 130821s2002 mx gr spa | ||
| 020 | _a9700733513 | ||
| 040 |
_aCo-BoUCM _bspa |
||
| 041 | 0 | 0 | _aspa |
| 100 | 1 |
_aMárquez Piñero, Rafael _9156240 |
|
| 245 | 0 | 0 | _aDelitos bancarios Rafael Márquez Piñero |
| 250 | _a5a. Ed. | ||
| 260 |
_aMéxico D.F. (México) _bEditorial Porrúa _c2002 |
||
| 300 | _axvii, 187 páginas | ||
| 650 | 0 | 4 |
_aBancos _99920 |
| 650 | 0 | 4 |
_aBancos _xPrácticas corruptas _99920 |
| 650 | 0 | 4 |
_aDerecho comercial _912717 |
| 650 | 0 | 4 |
_aDerecho penal _912805 |
| 650 | 0 | 4 |
_aFraude bancario _916135 |
| 942 |
_cLIBRO _a8 _e5 _mM357d _2DEWEY _h364.16 |
||
| 999 |
_c50399 _d50399 |
||